000
00255nam a22001097a 4500
999
_c
260600
_d
260599
020
_a
0439198992
100
_a
Barbara Park
245
_a
Junie B. Jones and the Mushy Gushy Valentime
260
_a
New York
_b
Scholastic
300
_a
69 pgs
942
_c
BK